000 00350nam a2200145Ia 4500
008 230917s9999||||xx |||||||||||||| ||und||
040 _e71293
_aMAIN
041 _aEnglish
082 _a944.033092 R861L
100 _aRule, John G, ed
245 0 _aLouis 14th
260 _aNew Jersey
_bPrentice-Hall
_c1974
300 _avii, 181 p.
942 _cBK
999 _c219379
_d219379